000 00996nam a22002537a 4500
005 20240305165415.0
007 cr|||| ||||
008 130711c20059999mx |||| s|||| 0||| 1spa d
035 _a11325
040 _avLex
090 _c4429
_d4429
245 0 0 _aRevista Tips Fiscales
_h[Recurso electrónico]
256 _aServicio en línea
260 _aMéxico D.F.:
_bMéxico Fiscal,
_c2005 -
300 _a1 recurso electrónico
310 _aMensual
362 _aNúm. 1 (2003) -
506 1 _aContenido solo disponible en los productos indicados
_dvLex Global
_dvLex Global (Academic Edition, excluding Law Schools)
_dvLex Global (U.S. Academic Edition, Law Schools)
_dvLex Global (U.S. Academic Edition, excluding Law Schools)
_dvLex Global (Academic Edition, Law Schools)
650 0 4 _aFiscalidad
_zMéxico
650 0 4 _aDerecho fiscal
_zMéxico
740 0 _avLex Revistas (Servicio en línea)
856 4 0 _uhttps://app.vlex.com/#/sources/revista-tips-fiscal-11325
942 _cRAA
999 _c162794
_d162794